| 000 | 00447nam a2200169Ia 4500 | ||
|---|---|---|---|
| 008 | 210210b1997 xxu||||| |||| 00| 0 eng d | ||
| 020 | _a81 207 1972 7 | ||
| 082 | _a082 MITD | ||
| 100 | _aMITTAL (Rakesh K). | ||
| 245 | _aDictionary of positive thoughts. Rev Ed 2. | ||
| 250 | _a | ||
| 260 |
_aNew Delhi. _bSterling Publishers Pvt Ltd., _c1997 |
||
| 300 | _ax,142 | ||
| 650 | _aThoughts | ||
| 690 | _aGeneral Collections | ||
| 906 | _a052427 | ||
| 999 |
_c100644 _d100644 |
||